000 00327nam a22001217a 4500
008 160510b xxu||||| |||| 00| 0 eng d
020 _a9780073222028
020 _a007322202
041 _aeng
080 _a611
245 _aPrinciplres of human anatommy:
_cPouglas Gould; Jennifer Brueckner; brian Macpherson;
942 _2udc
_cBK
999 _c1960
_d1960